Statistics for Biggest Trading Partners - Oman

Click here to take the quiz!

General Stats

  • This quiz has been taken 49 times
  • The average score is 20 of 23

Answer Stats

ExportsImportsCountry% Correct
0.69 bilUnited Kingdom
100%
1.23 bil1.93 bilUnited States
100%
1.88 bil0.82 bilSaudi Arabia
100%
3.06 bil2.10 bilIndia
98%
0.97 bilGermany
98%
2.18 bil10.8 bilUnited Arab Emirates
93%
0.47 bilFrance
93%
19.4 bil3.02 bilChina
93%
0.54 bilItaly
93%
0.26 bilEgypt
91%
0.99 bil0.55 bilQatar
89%
2.67 bil0.64 bilSouth Korea
87%
2.73 bil2.11 bilJapan
87%
0.60 bilPakistan
87%
0.61 bilTurkey
84%
0.21 bilKuwait
84%
0.51 bilNetherlands
76%
0.46 bilIndonesia
76%
0.93 bilBrazil
73%
0.49 bil0.53 bilThailand
73%
1.40 bilTaiwan
64%
0.43 bilMalaysia
64%
0.92 bilSouth Africa
56%

Score Distribution

Percentile by Number Answered

Percent of People with Each Score

Your Score History

You have not taken this quiz